Vista normal Vista MARC

Entrada Meeting Name

Número de registros utilizados en: 1

001 - CONTROL NUMBER

  • control field: 13332

003 - CONTROL NUMBER IDENTIFIER

  • control field: OSt

005 - DATE AND TIME OF LATEST TRANSACTION

  • control field: 20210211135414.0

008 - FIXED-LENGTH DATA ELEMENTS

  • fixed length control field: 210211|| aca||aabn | a|a d

040 ## - CATALOGING SOURCE

  • Original cataloging agency: OSt
  • Transcribing agency: OSt

111 ## - HEADING--MEETING NAME

  • Meeting name or jurisdiction name as entry element: Seminario internacional "Desarrollando el potencial de los sistemas de pensiones de capitalización individual"
  • Date of meeting or treaty signing: (2010

670 ## - SOURCE DATA FOUND

  • Source citation: Work cat.: (OSt): Seminario internacional "Desarrollando el potencial de los sistemas de pensiones de capitalización individual" (2010 : Chile), Developing the potential of the individually funded pension systems / , 2010